000 00343nam a2200145Ia 4500
008 220803s9999 xx 000 0 und d
020 _a9788131606384
041 _aeng
082 _a720.954 THA
100 _aThakur M
_925098
245 _aIndian Village
260 _aNew Delhi
_bRawat Publication
_c2014
300 _a214p
500 _aARCHI
999 _c15954
_d15954